| 000 | 01050nam a2200277 a 4500 | ||
|---|---|---|---|
| 001 | 000015226 | ||
| 003 | DO-SdBNP | ||
| 005 | 20210913110758.0 | ||
| 008 | 100203s1998 dr r 001 0 spa d | ||
| 040 |
_aBPMSU _bspa _cBPMSU |
||
| 082 |
_aRD863.42 _bH519d 1998 _222 |
||
| 100 | 1 |
_aHenríquez Carvajal, Federico _d1848-1952 |
|
| 245 | 1 | 3 |
_aEl dilema / _cFederico Henríquez i Carvajal ; edición Tomás Castro Burdiez. |
| 250 | _a2a ed. | ||
| 260 |
_aSanto Domingo : _bLibrería la Trinitaria, _c1998. |
||
| 300 |
_a171 p. ; _c21 cm. |
||
| 490 | 0 |
_aCuadernos patrióticos _v4 |
|
| 500 | _aIncluye datos biográficos del autor en la página 161 | ||
| 505 | 2 | _aEl dilema de Federico: hoy como ayer Mu-Kien Adriana Sang -- Carta de José Martí a Federico Henríquez i Carvajal -- El testamento de Martí -- Biografía / Rufino Martínez. | |
| 590 | _aInventariado, 2021/VM | ||
| 650 | 4 | _aNovela histórica dominicana | |
| 650 | 4 | _aLiteratura dominicana | |
| 700 | 1 |
_aCastro Burdiez, Tomás, _eed. |
|
| 910 | _aVMateo V. | ||
| 942 |
_2ddc _cBK |
||
| 999 |
_c13396 _d13396 |
||